<?xml version="1.0" encoding="UTF-8"?>
<collection xmlns="http://www.loc.gov/MARC21/slim">
<record>
  <controlfield tag="001">286088</controlfield>
  <controlfield tag="005">20260413114003.0</controlfield>
  <datafield tag="024" ind1="7" ind2=" ">
    <subfield code="a">10.1016/j.bpj.2026.03.006</subfield>
    <subfield code="2">doi</subfield>
  </datafield>
  <datafield tag="024" ind1="7" ind2=" ">
    <subfield code="a">pmid:41795188</subfield>
    <subfield code="2">pmid</subfield>
  </datafield>
  <datafield tag="024" ind1="7" ind2=" ">
    <subfield code="a">0006-3495</subfield>
    <subfield code="2">ISSN</subfield>
  </datafield>
  <datafield tag="024" ind1="7" ind2=" ">
    <subfield code="a">1542-0086</subfield>
    <subfield code="2">ISSN</subfield>
  </datafield>
  <datafield tag="037" ind1=" " ind2=" ">
    <subfield code="a">DZNE-2026-00384</subfield>
  </datafield>
  <datafield tag="041" ind1=" " ind2=" ">
    <subfield code="a">English</subfield>
  </datafield>
  <datafield tag="082" ind1=" " ind2=" ">
    <subfield code="a">570</subfield>
  </datafield>
  <datafield tag="100" ind1="1" ind2=" ">
    <subfield code="a">Czajka, Titus</subfield>
    <subfield code="b">0</subfield>
  </datafield>
  <datafield tag="245" ind1=" " ind2=" ">
    <subfield code="a">Vesicle dynamics in synapsin-induced condensates by passive X-ray microrheology.</subfield>
  </datafield>
  <datafield tag="260" ind1=" " ind2=" ">
    <subfield code="a">Cambridge, Mass.</subfield>
    <subfield code="c">2026</subfield>
    <subfield code="b">Cell Press</subfield>
  </datafield>
  <datafield tag="336" ind1="7" ind2=" ">
    <subfield code="a">article</subfield>
    <subfield code="2">DRIVER</subfield>
  </datafield>
  <datafield tag="336" ind1="7" ind2=" ">
    <subfield code="a">Output Types/Journal article</subfield>
    <subfield code="2">DataCite</subfield>
  </datafield>
  <datafield tag="336" ind1="7" ind2=" ">
    <subfield code="a">Journal Article</subfield>
    <subfield code="b">journal</subfield>
    <subfield code="m">journal</subfield>
    <subfield code="0">PUB:(DE-HGF)16</subfield>
    <subfield code="s">1776073120_13395</subfield>
    <subfield code="2">PUB:(DE-HGF)</subfield>
  </datafield>
  <datafield tag="336" ind1="7" ind2=" ">
    <subfield code="a">ARTICLE</subfield>
    <subfield code="2">BibTeX</subfield>
  </datafield>
  <datafield tag="336" ind1="7" ind2=" ">
    <subfield code="a">JOURNAL_ARTICLE</subfield>
    <subfield code="2">ORCID</subfield>
  </datafield>
  <datafield tag="336" ind1="7" ind2=" ">
    <subfield code="a">Journal Article</subfield>
    <subfield code="0">0</subfield>
    <subfield code="2">EndNote</subfield>
  </datafield>
  <datafield tag="520" ind1=" " ind2=" ">
    <subfield code="a">The collective dynamics of subcellular biological processes is often difficult to assess experimentally due to the challenges associated with spatial and temporal resolution, labeling, or multiple scattering. X-ray photon correlation spectroscopy is, in principle, well suited to probe collective dynamics by quantifying dispersion relations in complex fluids in general and biomolecular systems in particular. However, the low scattering signal and the sensitivity to radiation damage set stringent limits to many applications. Probing the dynamics of vesicles in protein-induced condensates is a case in point. Here, we use lipid vesicles with a hard silica core, called colloid-supported lipid bilayers, as labeled vesicles for enhanced X-ray contrast. We then probe structure and dynamics in solutions of vesicles and synapsin, a protein known for its property of inducing liquid-liquid phase separation and forming condensates that recruit vesicles, organizing them into clusters in presynaptic nerve terminals. The dynamics in these systems is found to exhibit evidence for both liquid-like and network-like phases. Our results reveal distinct effective-diffusion constants at varying protein concentrations. At the same time the stretched exponential decay of the correlation functions provides clear evidence for nondiffusive behavior within the condensates.</subfield>
  </datafield>
  <datafield tag="536" ind1=" " ind2=" ">
    <subfield code="a">351 - Brain Function (POF4-351)</subfield>
    <subfield code="0">G:(DE-HGF)POF4-351</subfield>
    <subfield code="c">POF4-351</subfield>
    <subfield code="f">POF IV</subfield>
    <subfield code="x">0</subfield>
  </datafield>
  <datafield tag="588" ind1=" " ind2=" ">
    <subfield code="a">Dataset connected to CrossRef, PubMed, , Journals: pub.dzne.de</subfield>
  </datafield>
  <datafield tag="650" ind1=" " ind2="7">
    <subfield code="a">Lipid Bilayers</subfield>
    <subfield code="2">NLM Chemicals</subfield>
  </datafield>
  <datafield tag="650" ind1=" " ind2="7">
    <subfield code="a">Synapsins</subfield>
    <subfield code="2">NLM Chemicals</subfield>
  </datafield>
  <datafield tag="650" ind1=" " ind2="2">
    <subfield code="a">Lipid Bilayers: chemistry</subfield>
    <subfield code="2">MeSH</subfield>
  </datafield>
  <datafield tag="650" ind1=" " ind2="2">
    <subfield code="a">Lipid Bilayers: metabolism</subfield>
    <subfield code="2">MeSH</subfield>
  </datafield>
  <datafield tag="650" ind1=" " ind2="2">
    <subfield code="a">Synapsins: metabolism</subfield>
    <subfield code="2">MeSH</subfield>
  </datafield>
  <datafield tag="650" ind1=" " ind2="2">
    <subfield code="a">Synapsins: chemistry</subfield>
    <subfield code="2">MeSH</subfield>
  </datafield>
  <datafield tag="650" ind1=" " ind2="2">
    <subfield code="a">Diffusion</subfield>
    <subfield code="2">MeSH</subfield>
  </datafield>
  <datafield tag="650" ind1=" " ind2="2">
    <subfield code="a">X-Rays</subfield>
    <subfield code="2">MeSH</subfield>
  </datafield>
  <datafield tag="650" ind1=" " ind2="2">
    <subfield code="a">Biomolecular Condensates: chemistry</subfield>
    <subfield code="2">MeSH</subfield>
  </datafield>
  <datafield tag="650" ind1=" " ind2="2">
    <subfield code="a">Biomolecular Condensates: metabolism</subfield>
    <subfield code="2">MeSH</subfield>
  </datafield>
  <datafield tag="700" ind1="1" ind2=" ">
    <subfield code="a">Major, Andras</subfield>
    <subfield code="b">1</subfield>
  </datafield>
  <datafield tag="700" ind1="1" ind2=" ">
    <subfield code="a">Bruns, Hendrik</subfield>
    <subfield code="b">2</subfield>
  </datafield>
  <datafield tag="700" ind1="1" ind2=" ">
    <subfield code="a">Cammarata, Marco</subfield>
    <subfield code="b">3</subfield>
  </datafield>
  <datafield tag="700" ind1="1" ind2=" ">
    <subfield code="a">Hoffmann, Christian</subfield>
    <subfield code="0">P:(DE-2719)9000582</subfield>
    <subfield code="b">4</subfield>
    <subfield code="u">dzne</subfield>
  </datafield>
  <datafield tag="700" ind1="1" ind2=" ">
    <subfield code="a">Milovanovic, Dragomir</subfield>
    <subfield code="0">P:(DE-2719)9000670</subfield>
    <subfield code="b">5</subfield>
    <subfield code="u">dzne</subfield>
  </datafield>
  <datafield tag="700" ind1="1" ind2=" ">
    <subfield code="a">Salditt, Tim</subfield>
    <subfield code="b">6</subfield>
  </datafield>
  <datafield tag="773" ind1=" " ind2=" ">
    <subfield code="a">10.1016/j.bpj.2026.03.006</subfield>
    <subfield code="g">Vol. 125, no. 7, p. 1713 - 1722</subfield>
    <subfield code="0">PERI:(DE-600)1477214-0</subfield>
    <subfield code="n">7</subfield>
    <subfield code="p">1713 - 1722</subfield>
    <subfield code="t">Biophysical journal</subfield>
    <subfield code="v">125</subfield>
    <subfield code="y">2026</subfield>
    <subfield code="x">0006-3495</subfield>
  </datafield>
  <datafield tag="856" ind1="4" ind2=" ">
    <subfield code="u">http://pub.dzne.de/record/286088/files/DZNE-2026-00384.pdf</subfield>
    <subfield code="y">Restricted</subfield>
  </datafield>
  <datafield tag="856" ind1="4" ind2=" ">
    <subfield code="u">http://pub.dzne.de/record/286088/files/DZNE-2026-00384.pdf?subformat=pdfa</subfield>
    <subfield code="x">pdfa</subfield>
    <subfield code="y">Restricted</subfield>
  </datafield>
  <datafield tag="910" ind1="1" ind2=" ">
    <subfield code="a">Deutsches Zentrum für Neurodegenerative Erkrankungen</subfield>
    <subfield code="0">I:(DE-588)1065079516</subfield>
    <subfield code="k">DZNE</subfield>
    <subfield code="b">4</subfield>
    <subfield code="6">P:(DE-2719)9000582</subfield>
  </datafield>
  <datafield tag="910" ind1="1" ind2=" ">
    <subfield code="a">Deutsches Zentrum für Neurodegenerative Erkrankungen</subfield>
    <subfield code="0">I:(DE-588)1065079516</subfield>
    <subfield code="k">DZNE</subfield>
    <subfield code="b">5</subfield>
    <subfield code="6">P:(DE-2719)9000670</subfield>
  </datafield>
  <datafield tag="913" ind1="1" ind2=" ">
    <subfield code="a">DE-HGF</subfield>
    <subfield code="b">Gesundheit</subfield>
    <subfield code="l">Neurodegenerative Diseases</subfield>
    <subfield code="1">G:(DE-HGF)POF4-350</subfield>
    <subfield code="0">G:(DE-HGF)POF4-351</subfield>
    <subfield code="3">G:(DE-HGF)POF4</subfield>
    <subfield code="2">G:(DE-HGF)POF4-300</subfield>
    <subfield code="4">G:(DE-HGF)POF</subfield>
    <subfield code="v">Brain Function</subfield>
    <subfield code="x">0</subfield>
  </datafield>
  <datafield tag="915" ind1=" " ind2=" ">
    <subfield code="a">JCR</subfield>
    <subfield code="0">StatID:(DE-HGF)0100</subfield>
    <subfield code="2">StatID</subfield>
    <subfield code="b">BIOPHYS J : 2022</subfield>
    <subfield code="d">2025-11-12</subfield>
  </datafield>
  <datafield tag="915" ind1=" " ind2=" ">
    <subfield code="a">DBCoverage</subfield>
    <subfield code="0">StatID:(DE-HGF)0200</subfield>
    <subfield code="2">StatID</subfield>
    <subfield code="b">SCOPUS</subfield>
    <subfield code="d">2025-11-12</subfield>
  </datafield>
  <datafield tag="915" ind1=" " ind2=" ">
    <subfield code="a">DBCoverage</subfield>
    <subfield code="0">StatID:(DE-HGF)0300</subfield>
    <subfield code="2">StatID</subfield>
    <subfield code="b">Medline</subfield>
    <subfield code="d">2025-11-12</subfield>
  </datafield>
  <datafield tag="915" ind1=" " ind2=" ">
    <subfield code="a">DBCoverage</subfield>
    <subfield code="0">StatID:(DE-HGF)0320</subfield>
    <subfield code="2">StatID</subfield>
    <subfield code="b">PubMed Central</subfield>
    <subfield code="d">2025-11-12</subfield>
  </datafield>
  <datafield tag="915" ind1=" " ind2=" ">
    <subfield code="a">DBCoverage</subfield>
    <subfield code="0">StatID:(DE-HGF)0199</subfield>
    <subfield code="2">StatID</subfield>
    <subfield code="b">Clarivate Analytics Master Journal List</subfield>
    <subfield code="d">2025-11-12</subfield>
  </datafield>
  <datafield tag="915" ind1=" " ind2=" ">
    <subfield code="a">DBCoverage</subfield>
    <subfield code="0">StatID:(DE-HGF)1190</subfield>
    <subfield code="2">StatID</subfield>
    <subfield code="b">Biological Abstracts</subfield>
    <subfield code="d">2025-11-12</subfield>
  </datafield>
  <datafield tag="915" ind1=" " ind2=" ">
    <subfield code="a">DBCoverage</subfield>
    <subfield code="0">StatID:(DE-HGF)0160</subfield>
    <subfield code="2">StatID</subfield>
    <subfield code="b">Essential Science Indicators</subfield>
    <subfield code="d">2025-11-12</subfield>
  </datafield>
  <datafield tag="915" ind1=" " ind2=" ">
    <subfield code="a">WoS</subfield>
    <subfield code="0">StatID:(DE-HGF)0113</subfield>
    <subfield code="2">StatID</subfield>
    <subfield code="b">Science Citation Index Expanded</subfield>
    <subfield code="d">2025-11-12</subfield>
  </datafield>
  <datafield tag="915" ind1=" " ind2=" ">
    <subfield code="a">DBCoverage</subfield>
    <subfield code="0">StatID:(DE-HGF)0150</subfield>
    <subfield code="2">StatID</subfield>
    <subfield code="b">Web of Science Core Collection</subfield>
    <subfield code="d">2025-11-12</subfield>
  </datafield>
  <datafield tag="915" ind1=" " ind2=" ">
    <subfield code="a">DBCoverage</subfield>
    <subfield code="0">StatID:(DE-HGF)1030</subfield>
    <subfield code="2">StatID</subfield>
    <subfield code="b">Current Contents - Life Sciences</subfield>
    <subfield code="d">2025-11-12</subfield>
  </datafield>
  <datafield tag="915" ind1=" " ind2=" ">
    <subfield code="a">DBCoverage</subfield>
    <subfield code="0">StatID:(DE-HGF)1050</subfield>
    <subfield code="2">StatID</subfield>
    <subfield code="b">BIOSIS Previews</subfield>
    <subfield code="d">2025-11-12</subfield>
  </datafield>
  <datafield tag="915" ind1=" " ind2=" ">
    <subfield code="a">IF &lt; 5</subfield>
    <subfield code="0">StatID:(DE-HGF)9900</subfield>
    <subfield code="2">StatID</subfield>
    <subfield code="d">2025-11-12</subfield>
  </datafield>
  <datafield tag="920" ind1="1" ind2=" ">
    <subfield code="0">I:(DE-2719)1813002</subfield>
    <subfield code="k">AG Milovanovic (Berlin)</subfield>
    <subfield code="l">Molecular Neuroscience</subfield>
    <subfield code="x">0</subfield>
  </datafield>
  <datafield tag="980" ind1=" " ind2=" ">
    <subfield code="a">journal</subfield>
  </datafield>
  <datafield tag="980" ind1=" " ind2=" ">
    <subfield code="a">EDITORS</subfield>
  </datafield>
  <datafield tag="980" ind1=" " ind2=" ">
    <subfield code="a">VDBINPRINT</subfield>
  </datafield>
  <datafield tag="980" ind1=" " ind2=" ">
    <subfield code="a">I:(DE-2719)1813002</subfield>
  </datafield>
  <datafield tag="980" ind1=" " ind2=" ">
    <subfield code="a">UNRESTRICTED</subfield>
  </datafield>
</record>
</collection>